000
00312nam a2200133Ia 4500
005
20260326100034.0
008
260326s9999||||xx |||||||||||||| ||und||
100
_a
Maffre, Jean Jacques
245
0
_a
El Arte Griego /
_c
Jean Jacques Maffre
260
_b
Paidós
300
_a
63 p.
650
_a
ARTE
942
_c
BK
999
_c
6746
_d
6746